[Event "San Jose Picado"]
[Site "San Jose"]
[Date "2021.03.07"]
[Round "7"]
[White "Calvo Campos, Adrian"]
[Black "Salazar Gould, Kristy Valeria"]
[Result "1-0"]
[WhiteElo "1755"]
[BlackElo "1301"]
[PlyCount "57"]
[EventDate "2021.03.02"]
[EventType "tourn"]
[EventRounds "7"]
[EventCountry "CRI"]
[SourceTitle "EXT 2022"]
[Source "ChessBase"]
[SourceDate "2021.10.06"]
[SourceVersion "1"]
[SourceVersionDate "2021.10.06"]
[SourceQuality "1"]

1. e4 e6 2. d4 d5 3. Nd2 Be7 4. Ngf3 Nf6 5. Bd3 c5 6. dxc5 Na6 7. Bxa6 bxa6 8. exd5 Qxd5 9. 0-0 Bxc5 10. Nb3 Qxd1 11. Rxd1 Ne4 12. Nxc5 Nxc5 13. Be3 Na4 14. b3 Nc3 15. Rd3 Nd5 16. Bc5 Bb7 17. c4 Nf4 18. Rd2 Bxf3 19. gxf3 Nh3+ 20. Kg2 Ng5 21. h4 h6 22. hxg5 hxg5 23. Rad1 Rc8 24. Ba3 f5 25. Rd7 g6 26. Re7+ Kf8 27. Rdd7 Rg8 28. Rxe6+ Rc5 29. Bxc5# 1-0

[Event "San Jose Picado"]
[Site "San Jose"]
[Date "2021.03.05"]
[Round "3"]
[White "Salazar Gould, Kristy Valeria"]
[Black "Redondo Washington, Josimar"]
[Result "1-0"]
[WhiteElo "1301"]
[BlackElo "1186"]
[PlyCount "88"]
[EventDate "2021.03.02"]
[EventType "tourn"]
[EventRounds "7"]
[EventCountry "CRI"]
[SourceTitle "EXT 2022"]
[Source "ChessBase"]
[SourceDate "2021.10.06"]
[SourceVersion "1"]
[SourceVersionDate "2021.10.06"]
[SourceQuality "1"]

1. e4 c6 2. Nf3 d5 3. exd5 cxd5 4. d4 Nf6 5. c3 Bf5 6. Bf4 e6 7. Ne5 Be7 8. Bb5+ Nbd7 9. g4 Bxb1 10. Rxb1 a6 11. Ba4 b5 12. Bc2 Nxe5 13. dxe5 Nd7 14. b4 Bg5 15. Bg3 Rc8 16. Qd3 Qc7 17. f4 Be7 18. Rb3 Qc4 19. Qxc4 Rxc4 20. Bd3 Rc6 21. h4 Nb6 22. Ke2 Kd7 23. Rf1 Rhc8 24. Kd2 Na4 25. f5 Rxc3 26. Rxc3 Nxc3 27. fxe6+ fxe6 28. a3 Ne4+ 29. Bxe4 dxe4 30. Rf7 e3+ 31. Kxe3 Rc3+ 32. Kf4 Rc4+ 33. Kf3 Rc3+ 34. Kg2 Rxa3 35. Rxg7 a5 36. bxa5 b4 37. Be1 Ra2+ 38. Kf3 b3 39. Bc3 b2 40. Bxb2 Rxb2 41. Rxh7 Rb3+ 42. Ke2 Rb4 43. g5 Rb5 44. g6 Rxa5 1-0

[Event "San Jose Picado"]
[Site "San Jose"]
[Date "2021.03.02"]
[Round "1"]
[White "Salazar Gould, Kristy Valeria"]
[Black "Melendez Arce, Caleth"]
[Result "1-0"]
[WhiteElo "1301"]
[BlackElo "1632"]
[PlyCount "69"]
[EventDate "2021.03.02"]
[EventType "tourn"]
[EventRounds "7"]
[EventCountry "CRI"]
[SourceTitle "EXT 2022"]
[Source "ChessBase"]
[SourceDate "2021.10.06"]
[SourceVersion "1"]
[SourceVersionDate "2021.10.06"]
[SourceQuality "1"]

1. e4 e6 2. d3 d5 3. Nd2 Nf6 4. Ngf3 Be7 5. g3 c5 6. Bg2 Nc6 7. 0-0 b6 8. Re1 Bb7 9. c3 dxe4 10. dxe4 Qc7 11. Nf1 Rd8 12. Qc2 0-0 13. h4 Nd7 14. N1h2 c4 15. a4 Nc5 16. Ng4 Nd3 17. Rd1 f5 18. exf5 exf5 19. Ne3 Na5 20. Nd4 Bc8 21. Nd5 Rxd5 22. Bxd5+ Kh8 23. b4 Nb7 24. Be3 f4 25. gxf4 Nxf4 26. Qe4 Nd6 27. Bxf4 Nxe4 28. Bxc7 Nxc3 29. Ne6 Rf5 30. Bxc4 Nxd1 31. Rxd1 h6 32. Nf4 Bxh4 33. Ng6+ Kh7 34. Nxh4 Rg5+ 35. Bg3 1-0

[Event "Wch FIDE Online U12 Girls America qual"]
[Site "Tornelo INT"]
[Date "2020.12.04"]
[Round "7"]
[White "Norabuena Ticona, Gabriela Paola"]
[Black "Salazar Gould, Kristy Valeria"]
[Result "1-0"]
[WhiteElo "1420"]
[BlackElo "1301"]
[PlyCount "171"]
[EventDate "2020.12.01"]
[EventType "swiss (rapid)"]
[EventRounds "7"]
[EventCountry "ISS"]
[SourceTitle "EXT 2022"]
[Source "ChessBase"]
[SourceDate "2021.10.06"]
[SourceVersion "1"]
[SourceVersionDate "2021.10.06"]
[SourceQuality "1"]

1. d4 e6 2. c4 d5 3. Nc3 f5 4. Bf4 Nf6 5. e3 c6 6. Nf3 Be7 7. Bd3 0-0 8. h3 Ne4 9. Qc2 a5 10. a3 Nd7 11. Rb1 Qe8 12. Bxe4 fxe4 13. Ne5 Nxe5 14. Bxe5 Bf6 15. Bd6 Rf7 16. c5 Be7 17. Bxe7 Qxe7 18. b4 axb4 19. axb4 Bd7 20. 0-0 Qg5 21. Ne2 Raf8 22. Ng3 e5 23. dxe5 Qxe5 24. Qe2 Rf6 25. Qh5 Qxh5 26. Nxh5 Rh6 27. Ng3 Rg6 28. Ra1 Rg5 29. Kh2 h5 30. Ra7 Bc8 31. Nh1 h4 32. Rfa1 Re5 33. Ra8 g5 34. Kg1 Ree8 35. Rf1 g4 36. hxg4 Bxg4 37. Rxe8 Rxe8 38. f3 exf3 39. gxf3 Bh3 40. Re1 Bf5 41. Kf2 Kf7 42. Rg1 Rg8 43. Rxg8 Kxg8 44. Kg2 h3+ 45. Kh2 Kg7 46. Nf2 Kg6 47. Nxh3 Kh5 48. Kg3 Kg6 49. Nf4+ Kf6 50. Ne2 Bd3 51. Nd4 Bg6 52. Kf4 Bd3 53. Nb3 Bc4 54. Na5 Ba6 55. Nb3 Bc4 56. Nd2 Be2 57. Nb1 Ke6 58. Nc3 Bd3 59. Nd1 Bc2 60. Nf2 Kd7 61. Ke5 Ke7 62. e4 dxe4 63. fxe4 Bb1 64. Nd1 Bc2 65. Nc3 Bd3 66. Na4 Bc2 67. Nb6 Bd3 68. Nc8+ Kd7 69. Nb6+ Ke7 70. Kf5 Kf7 71. Nd7 Bb1 72. Ne5+ Ke7 73. Nc4 Ba2 74. Na5 Bb1 75. Nxb7 Bd3 76. Na5 Bb5 77. Ke5 Kd7 78. Kf6 Bd3 79. e5 Bb5 80. e6+ Ke8 81. Nb7 Ba6 82. Nd6+ Kd8 83. e7+ Kc7 84. e8Q Bd3 85. Qe7+ Kb8 86. Qb7# 1-0

[Event "CRI-ch"]
[Site "San Jose"]
[Date "2020.01.19"]
[Round "9"]
[White "Salazar Gould, Kristy Valeria"]
[Black "Castillo Morales, Thais"]
[Result "0-1"]
[WhiteElo "1331"]
[BlackElo "1823"]
[PlyCount "68"]
[EventDate "2020.01.10"]
[EventType "swiss"]
[EventRounds "11"]
[EventCountry "CRI"]
[SourceTitle "CBM 194 Extra"]
[Source "ChessBase"]
[SourceDate "2020.03.31"]
[SourceVersion "1"]
[SourceVersionDate "2020.03.31"]
[SourceQuality "1"]

1. e4 e6 2. d3 d5 3. Nd2 c5 4. Ngf3 Nc6 5. g3 Bd6 6. Bg2 Nge7 7. 0-0 0-0 8. Nh4 Qc7 9. f4 f6 10. a3 b5 11. b3 Rb8 12. f5 d4 13. a4 a6 14. Qh5 Bd7 15. Qg4 Ne5 16. Qh3 exf5 17. exf5 g5 18. g4 gxh4 19. Qxh4 Bc6 20. Ne4 Nd5 21. Bh6 Rf7 22. g5 Bf8 23. gxf6 Bxh6 24. Qxh6 Kh8 25. Ng5 Rxf6 26. Qh4 Rg8 27. Kh1 Qg7 28. Rac1 Rh6 29. Qg3 Nf7 30. Nxf7+ Qxf7 31. Qe5+ Qf6 32. Bxd5 Bxd5+ 33. Qxd5 Rxh2+ 34. Kxh2 Qh6# 0-1

[Event "CRI-ch"]
[Site "San Jose"]
[Date "2020.01.12"]
[Round "3"]
[White "Salazar Gould, Kristy Valeria"]
[Black "Ramirez Gonzalez, Maria Jose"]
[Result "0-1"]
[WhiteElo "1331"]
[BlackElo "1790"]
[PlyCount "82"]
[EventDate "2020.01.10"]
[EventType "swiss"]
[EventRounds "11"]
[EventCountry "CRI"]
[SourceTitle "CBM 194 Extra"]
[Source "ChessBase"]
[SourceDate "2020.03.31"]
[SourceVersion "1"]
[SourceVersionDate "2020.03.31"]
[SourceQuality "1"]

1. e4 e5 2. Bc4 Nc6 3. Nf3 Nf6 4. d3 Bc5 5. Nbd2 d6 6. c3 a6 7. Bb3 Ba7 8. h3 h6 9. Nf1 0-0 10. Ng3 d5 11. Qe2 d4 12. 0-0 Be6 13. Bc2 Ne8 14. Nh2 dxc3 15. bxc3 Qh4 16. Qf3 Nd6 17. Ba3 f5 18. exf5 Nxf5 19. Kh1 Bxf2 20. Nxf5 Rxf5 21. Qe2 Bd5 22. d4 Qxh3 23. Rxf2 Rh5 24. Qxh5 Qxh5 25. Raf1 g5 26. dxe5 g4 27. Bd1 Nxe5 28. Kg1 Qg5 29. Be2 g3 30. Rf8+ Rxf8 31. Rxf8+ Kg7 32. Nf1 Bc4 33. Bd1 Bxf1 34. Rxf1 Qe3+ 35. Kh1 Nd3 36. Bf8+ Kh8 37. Bc5 Qxc5 38. Be2 Nf2+ 39. Kg1 Nh3+ 40. Kh1 Qg1+ 41. Rxg1 Nf2# 0-1

[Event "CRI-ch sf (Women)"]
[Site "San Jose"]
[Date "2018.11.25"]
[Round "5"]
[White "Arguedas Bolanos, Sharline"]
[Black "Salazar Gould, Kristy Valeria"]
[Result "1-0"]
[WhiteElo "1468"]
[BlackElo "1084"]
[PlyCount "87"]
[EventDate "2018.11.17"]
[EventType "swiss"]
[EventRounds "7"]
[EventCountry "CRI"]
[SourceTitle "CBM 187 Extra"]
[Source "ChessBase"]
[SourceDate "2018.11.04"]
[SourceVersion "1"]
[SourceVersionDate "2018.11.04"]
[SourceQuality "1"]

1. d4 e6 2. Nf3 d5 3. e3 c5 4. b3 Nc6 5. Bb2 Nf6 6. Nbd2 Be7 7. a3 Bd7 8. Bd3 0-0 9. 0-0 a6 10. Qe2 Rb8 11. Rab1 Qc7 12. Ne5 Be8 13. f4 g6 14. Rf3 Bd7 15. Rg3 Rfd8 16. h4 Kf8 17. Rh3 Ng8 18. h5 Be8 19. hxg6 hxg6 20. Qg4 Nf6 21. Qg3 Nh5 22. Qh2 Nxe5 23. fxe5 Bg5 24. Rf1 Ke7 25. g4 Ng7 26. Qf2 Kd7 27. Rh7 Nf5 28. gxf5 gxf5 29. Bxf5 cxd4 30. Bxe6+ Kc6 31. exd4 Qa5 32. b4 Qa4 33. Bf5 Bd7 34. Bxd7+ Rxd7 35. Nf3 Bf4 36. Nh4 Rg8+ 37. Ng2 Bg3 38. Qf6+ Kb5 39. Rc1 Rc7 40. Rxf7 Rxf7 41. Qxf7 Rc8 42. Qxb7+ Kc4 43. Qxc8+ Qc6 44. Qxc6# 1-0

[Event "CRI-ch sf (Women)"]
[Site "San Jose"]
[Date "2018.11.17"]
[Round "2"]
[White "Rodriguez Retana, Sofia"]
[Black "Salazar Gould, Kristy Valeria"]
[Result "1/2-1/2"]
[WhiteElo "1249"]
[BlackElo "1084"]
[PlyCount "61"]
[EventDate "2018.11.17"]
[EventType "swiss"]
[EventRounds "7"]
[EventCountry "CRI"]
[SourceTitle "CBM 187 Extra"]
[Source "ChessBase"]
[SourceDate "2018.11.04"]
[SourceVersion "1"]
[SourceVersionDate "2018.11.04"]
[SourceQuality "1"]

1. d4 e6 2. Nf3 d5 3. e3 c5 4. b3 Nc6 5. a3 Qb6 6. Nbd2 cxd4 7. exd4 Nxd4 8. Bb2 Nc6 9. c4 Bc5 10. Qe2 Nf6 11. Bxf6 gxf6 12. cxd5 Ne7 13. dxe6 Qxe6 14. Qxe6 Bxe6 15. Ne4 b6 16. Bb5+ Kf8 17. b4 f5 18. Neg5 a6 19. Nxe6+ fxe6 20. bxc5 axb5 21. cxb6 Rb8 22. Ne5 Ke8 23. a4 Rxb6 24. axb5 Nc8 25. Ra8 Ke7 26. Nc6+ Kd7 27. Ne5+ Kc7 28. 0-0 Rxb5 29. Rc1+ Kb7 30. Nf7 Kxa8 31. Nxh8 1/2-1/2

[Event "CRI-ch sf (Women)"]
[Site "San Jose"]
[Date "2018.11.17"]
[Round "1"]
[White "Salazar Gould, Kristy Valeria"]
[Black "Angulo Hernandez, Maria Jesus"]
[Result "0-1"]
[WhiteElo "1084"]
[BlackElo "1391"]
[PlyCount "111"]
[EventDate "2018.11.17"]
[EventType "swiss"]
[EventRounds "7"]
[EventCountry "CRI"]
[SourceTitle "CBM 187 Extra"]
[Source "ChessBase"]
[SourceDate "2018.11.04"]
[SourceVersion "1"]
[SourceVersionDate "2018.11.04"]
[SourceQuality "1"]

1. e4 e5 2. Nf3 Nc6 3. Bc4 Nf6 4. d3 Be7 5. c3 d6 6. Bb3 0-0 7. Nbd2 Na5 8. Bc2 c5 9. h3 b5 10. 0-0 Nc6 11. Re1 Re8 12. Nf1 Bf8 13. Ng3 g6 14. Nh2 Bg7 15. Qf3 h6 16. Kh1 b4 17. Ne2 Nh7 18. Bb3 Be6 19. Rg1 Qf6 20. Ba4 Qxf3 21. Nxf3 Rec8 22. Ng3 bxc3 23. bxc3 c4 24. Bb5 cxd3 25. Bxd3 Na5 26. Bd2 Nc4 27. Be1 d5 28. Rd1 Nb2 29. Rd2 Nxd3 30. Rxd3 dxe4 31. Nxe4 f5 32. Ng3 e4 33. Re3 Bd5 34. c4 Bxc4 35. Nd2 Bxa2 36. f4 Bd4 37. Ra3 Bxg1 38. Kxg1 Bf7 39. Bf2 a5 40. Bb6 a4 41. Ne2 Rcb8 42. Bd4 Nf8 43. g4 Bb3 44. Nc1 Bd5 45. gxf5 gxf5 46. Rg3+ Kf7 47. Rg7+ Ke8 48. Rg3 a3 49. Ba1 a2 50. Ncb3 Bxb3 51. Nxb3 Ra3 52. Be5 Rbxb3 53. Rxb3 Rxb3 54. Kf2 Ng6 55. Bd4 Nxf4 56. Bh8 0-1